000 00817nam a2200265 i 4500
003 IT-RoINE
005 20201020094347.0
008 020817s1978 it |||||r |||0|||ita d
040 _cIT-RoINE
_dIT-RoINE
041 7 _aita
_2ISO-639-2
100 0 _aJuan Pablo
_bII,
_cPapa, Santo,
_d1920-2005
_92834
245 1 3 _aLa fede della chiesa /
_cinterventi del card. Karol Wojtyla.
250 _a2. ed.
260 _aMilano :
_bAres,
_c1978.
300 _a97 p. ;
_c18 cm.
336 _2rdacontent
_atext
337 _2rdamedia
_aunmediated
338 _2rdacarrier
_avolume
500 _aNúmero monográfico de la revista mensual: CRIS documenti (1978)
650 4 _93501
_aLibertad religiosa
650 4 _920284
_aSacerdocio
650 4 _91444
_aEspiritualidad
650 4 _94515
_aFe
_xMeditaciones
942 _cMTS
999 _c27677
_d27677